002530000a22001090004500060000800000082001600008245002500024260004000049300000800089310001900097650002700116 a100 a338.954 THI aThrid five year plan aGovt. of India, Planning commission a774 aGovt. of India aFive year plan - third